[Event "Konakovo Rating 9th"]
[Site "Konakovo"]
[Date "2014.03.02"]
[Round "13"]
[White "Kasyanov, Vasiliy"]
[Black "Kozlov, Aleksandr"]
[Result "1/2-1/2"]
[WhiteElo "2066"]
[BlackElo "2163"]
[PlyCount "24"]
[EventDate "2014.02.22"]
[EventType "tourn"]
[EventRounds "13"]
[EventCountry "RUS"]
[SourceTitle "CBM 159 Extra"]
[Source "ChessBase"]
[SourceDate "2014.04.24"]
[SourceVersion "1"]
[SourceVersionDate "2014.04.24"]
[SourceQuality "1"]

1. e4 e5 2. Nf3 Nc6 3. Bb5 a6 4. Bxc6 dxc6 5. 0-0 f6 6. d4 exd4 7. Nxd4 c5 8. Nb3 Qxd1 9. Rxd1 Bg4 10. f3 Be6 11. Nc3 Bd6 12. Be3 b6 1/2-1/2

[Event "Konakovo Rating 9th"]
[Site "Konakovo"]
[Date "2014.03.01"]
[Round "11"]
[White "Blinov, Sergey"]
[Black "Kozlov, Aleksandr"]
[Result "0-1"]
[WhiteElo "1904"]
[BlackElo "2163"]
[PlyCount "90"]
[EventDate "2014.02.22"]
[EventType "tourn"]
[EventRounds "13"]
[EventCountry "RUS"]
[SourceTitle "CBM 159 Extra"]
[Source "ChessBase"]
[SourceDate "2014.04.24"]
[SourceVersion "1"]
[SourceVersionDate "2014.04.24"]
[SourceQuality "1"]

1. e4 d6 2. d4 Nf6 3. Nc3 g6 4. Nf3 Bg7 5. Bg5 Nbd7 6. Bd3 c5 7. 0-0 cxd4 8. Nxd4 0-0 9. h3 Nc5 10. Nb3 Nxd3 11. Qxd3 Bd7 12. Rfe1 h6 13. Bxf6 Bxf6 14. Rab1 Bc6 15. Nd4 Qb6 16. Nxc6 bxc6 17. Ne2 Qa5 18. Qa3 Qxa3 19. bxa3 Rfb8 20. Rb3 Rb5 21. Reb1 Ra5 22. Kf1 Kg7 23. f3 Rd8 24. Rd3 Rc5 25. c3 Ra5 26. Rb3 c5 27. c4 Ra4 28. Rb7 Rc8 29. Nc3 Rxa3 30. Rb3 Rxb3 31. axb3 Bxc3 32. Rxc3 Rb8 33. Ke2 Kf6 34. Rd3 Rb6 35. Kd2 Ra6 36. Ke3 Ra2 37. g3 Rg2 38. g4 g5 39. Rd5 Rb2 40. e5+ Ke6 41. exd6 Rxb3+ 42. Ke4 exd6 43. h4 Rc3 44. Rf5 Rxc4+ 45. Ke3 f6 0-1

[Event "Konakovo Rating 9th"]
[Site "Konakovo"]
[Date "2014.02.28"]
[Round "9"]
[White "Tokarzhevskiy, Aleksey"]
[Black "Kozlov, Aleksandr"]
[Result "1/2-1/2"]
[WhiteElo "1861"]
[BlackElo "2163"]
[PlyCount "49"]
[EventDate "2014.02.22"]
[EventType "tourn"]
[EventRounds "13"]
[EventCountry "RUS"]
[SourceTitle "CBM 159 Extra"]
[Source "ChessBase"]
[SourceDate "2014.04.24"]
[SourceVersion "1"]
[SourceVersionDate "2014.04.24"]
[SourceQuality "1"]

1. e4 c5 2. Nf3 Nc6 3. Nc3 e6 4. d4 cxd4 5. Nxd4 d6 6. Be3 Nf6 7. g4 Be7 8. g5 Nd7 9. h4 a6 10. Qe2 Nxd4 11. Bxd4 0-0 12. 0-0-0 b5 13. f4 Qa5 14. f5 b4 15. Nb1 e5 16. f6 gxf6 17. gxf6 Nxf6 18. Rg1+ Kh8 19. Be3 Be6 20. Qf3 Qd8 21. Bc5 Ne8 22. Be2 a5 23. Bb5 Qc7 24. Be3 Rc8 25. Rg2 1/2-1/2

[Event "Konakovo Rating 9th"]
[Site "Konakovo"]
[Date "2014.02.25"]
[Round "6"]
[White "Kovalev, Aleksandr"]
[Black "Kozlov, Aleksandr"]
[Result "0-1"]
[WhiteElo "1881"]
[BlackElo "2163"]
[PlyCount "54"]
[EventDate "2014.02.22"]
[EventType "tourn"]
[EventRounds "13"]
[EventCountry "RUS"]
[SourceTitle "CBM 159 Extra"]
[Source "ChessBase"]
[SourceDate "2014.04.24"]
[SourceVersion "1"]
[SourceVersionDate "2014.04.24"]
[SourceQuality "1"]

1. e4 c5 2. Nf3 a6 3. a4 d6 4. c3 Nf6 5. Qc2 Qc7 6. Be2 e5 7. 0-0 Be7 8. Bd1 Bg4 9. Na3 0-0 10. Re1 Nc6 11. b4 cxb4 12. cxb4 Rfc8 13. b5 Bxf3 14. Bxf3 Nd4 15. Qxc7 Rxc7 16. Bd1 axb5 17. Bb2 bxa4 18. Bxd4 exd4 19. Nc2 d3 20. Nb4 Rc4 21. Nxd3 Rxe4 22. Bf3 Rxe1+ 23. Rxe1 a3 24. Nb4 Kf8 25. Ra1 Ra5 26. Kf1 d5 27. Ke2 Bxb4 0-1

[Event "Konakovo Rating 9th"]
[Site "Konakovo"]
[Date "2014.02.23"]
[Round "4"]
[White "Milutin, Lev"]
[Black "Kozlov, Aleksandr"]
[Result "0-1"]
[WhiteElo "1894"]
[BlackElo "2163"]
[PlyCount "141"]
[EventDate "2014.02.22"]
[EventType "tourn"]
[EventRounds "13"]
[EventCountry "RUS"]
[SourceTitle "CBM 159 Extra"]
[Source "ChessBase"]
[SourceDate "2014.04.24"]
[SourceVersion "1"]
[SourceVersionDate "2014.04.24"]
[SourceQuality "1"]

1. d4 Nf6 2. c4 d6 3. Nc3 e5 4. dxe5 dxe5 5. Qxd8+ Kxd8 6. Nf3 Nbd7 7. Bg5 c6 8. 0-0-0 Kc7 9. Bh4 Bb4 10. Kc2 Re8 11. h3 h6 12. g4 g5 13. Bg3 Bxc3 14. bxc3 Ne4 15. Rxd7+ Bxd7 16. Bxe5+ Kc8 17. Bd4 c5 18. Be3 Bc6 19. Rg1 b6 20. h4 f6 21. hxg5 hxg5 22. Rh1 Ng3 23. Rg1 Nxf1 24. Rxf1 Kc7 25. Nd2 Re6 26. Rg1 Rh8 27. Nf1 Rh1 28. Rxh1 Bxh1 29. Ng3 Be4+ 30. Kd2 Bb1 31. a3 Kc6 32. Nh5 Rd6+ 33. Kc1 Ba2 34. Ng7 Bxc4 35. Ne8 Re6 36. Ng7 Re4 37. Nh5 Re6 38. Ng7 Re4 39. Nh5 Rxg4 40. Nxf6 Rg1+ 41. Kd2 Bb3 42. Kd3 Rg2 43. Ne4 g4 44. c4 a6 45. Kc3 Bd1 46. Kd2 Bb3 47. Kc3 Ba4 48. Bf4 Rg1 49. Nf6 b5 50. e4 Bd1 51. e5 Be2 52. cxb5+ axb5 53. e6 Bc4 54. e7 Bf7 55. e8Q+ Bxe8 56. Nxe8 Ra1 57. Kb2 Re1 58. Ng7 Re2+ 59. Kc3 Rxf2 60. Nh5 Rf3+ 61. Kb2 Kd5 62. Nf6+ Kc4 63. Nh5 Rf2+ 64. Kc1 Kb3 65. Bd6 c4 66. Ng3 Rc2+ 67. Kd1 c3 68. Ne4 Rg2 69. Ke1 c2 70. Nd2+ Kb2 71. Nb1 0-1

[Event "Konakovo Chervonny op"]
[Site "Konakovo"]
[Date "2012.09.23"]
[Round "7"]
[White "Medvedev, Vladimir"]
[Black "Kozlov, Aleksandr"]
[Result "1/2-1/2"]
[WhiteElo "2099"]
[BlackElo "2153"]
[PlyCount "28"]
[EventDate "2012.09.20"]
[EventType "swiss"]
[EventRounds "7"]
[EventCountry "RUS"]
[SourceTitle "CBM 150 Extra"]
[Source "ChessBase"]
[SourceDate "2012.10.19"]
[SourceVersion "1"]
[SourceVersionDate "2012.10.19"]
[SourceQuality "1"]

1. Nf3 Nf6 2. g3 g6 3. Bg2 Bg7 4. d3 d6 5. e4 c5 6. 0-0 Nc6 7. Re1 0-0 8. Nbd2 e5 9. Nc4 b5 10. Ne3 Rb8 11. c3 Bd7 12. Qc2 Qb6 13. Bd2 h6 14. Rad1 Be6 1/2-1/2

[Event "Konakovo Chervonny op"]
[Site "Konakovo"]
[Date "2012.09.22"]
[Round "4"]
[White "Kozlov, Aleksandr"]
[Black "Gulkov, Igor A"]
[Result "0-1"]
[WhiteElo "2153"]
[BlackElo "2355"]
[PlyCount "82"]
[EventDate "2012.09.20"]
[EventType "swiss"]
[EventRounds "7"]
[EventCountry "RUS"]
[SourceTitle "CBM 150 Extra"]
[Source "ChessBase"]
[SourceDate "2012.10.19"]
[SourceVersion "1"]
[SourceVersionDate "2012.10.19"]
[SourceQuality "1"]

1. e4 c5 2. Nf3 d6 3. d4 cxd4 4. Nxd4 Nf6 5. Nc3 a6 6. Be3 e5 7. Nb3 Be6 8. Be2 Be7 9. 0-0 0-0 10. f3 Nbd7 11. Qd2 Rc8 12. Rfd1 Qc7 13. Rac1 Nb6 14. Bg5 Rfd8 15. Qe1 h6 16. Bh4 d5 17. exd5 Nbxd5 18. Nxd5 Nxd5 19. Bxe7 Qxe7 20. Bd3 Qg5 21. Bf1 Ne3 22. Rxd8+ Rxd8 23. g3 Nxf1 24. Kxf1 Bd5 25. Rd1 Bxf3 26. Rxd8+ Qxd8 27. Qxe5 Qd1+ 28. Kf2 Bd5 29. Qe2 Qxe2+ 30. Kxe2 Bxb3 31. axb3 f5 32. Ke3 Kf7 33. Kd4 Ke6 34. c4 a5 35. h4 g5 36. hxg5 hxg5 37. b4 axb4 38. b3 b6 39. c5 bxc5+ 40. Kxc5 f4 41. gxf4 gxf4 0-1

[Event "Konakovo"]
[Site "Konakovo"]
[Date "2012.03.05"]
[Round "4"]
[White "Baruishnikov, Valeriy"]
[Black "Kozlov, Aleksandr"]
[Result "0-1"]
[WhiteElo "2057"]
[BlackElo "2142"]
[PlyCount "44"]
[EventDate "2012.03.02"]
[EventType "tourn"]
[EventRounds "13"]
[EventCountry "RUS"]
[SourceTitle "EXT 2014"]
[Source "ChessBase"]
[SourceDate "2013.11.20"]
[SourceVersion "1"]
[SourceVersionDate "2013.11.20"]
[SourceQuality "1"]

1. d4 Nf6 2. Nf3 g6 3. c4 Bg7 4. Nc3 0-0 5. e4 d6 6. h3 Nbd7 7. Be3 e5 8. dxe5 dxe5 9. Qd2 c6 10. Bh6 Qe7 11. Bxg7 Kxg7 12. Be2 Nc5 13. Qc2 a5 14. 0-0 Nh5 15. Ne1 Nf4 16. Bf3 Be6 17. Ne2 Nxe2+ 18. Qxe2 Qg5 19. Kh2 Rfd8 20. b3 Rd2 21. Qe3 Qxe3 22. fxe3 a4 0-1

[Event "Konakovo"]
[Site "Konakovo"]
[Date "2012.03.04"]
[Round "3"]
[White "Kozlov, Aleksandr"]
[Black "Andriyashenko, Vladimir"]
[Result "1/2-1/2"]
[WhiteElo "2142"]
[BlackElo "2093"]
[PlyCount "71"]
[EventDate "2012.03.02"]
[EventType "tourn"]
[EventRounds "13"]
[EventCountry "RUS"]
[SourceTitle "EXT 2014"]
[Source "ChessBase"]
[SourceDate "2013.11.20"]
[SourceVersion "1"]
[SourceVersionDate "2013.11.20"]
[SourceQuality "1"]

1. d4 f5 2. g3 Nf6 3. Bg2 e6 4. Nf3 Be7 5. 0-0 0-0 6. c4 d5 7. Qc2 c6 8. Nbd2 Bd6 9. Ne5 Nbd7 10. Ndf3 Ne4 11. Nd3 Qe7 12. Nfe5 Bxe5 13. dxe5 Nec5 14. Re1 b6 15. Bd2 a5 16. b4 Ne4 17. cxd5 cxd5 18. Reb1 Nxd2 19. Qxd2 Ba6 20. b5 Bb7 21. e3 Rac8 22. Qb2 Rc4 23. Rc1 Rfc8 24. Rxc4 Rxc4 25. Rc1 Nc5 26. Bf1 Nxd3 27. Bxd3 Rc5 28. Rc2 Qc7 29. f4 h6 30. Kf2 Rxc2+ 31. Qxc2 Qxc2+ 32. Bxc2 Bc8 33. a4 g6 34. g4 Kg7 35. Kg3 Bd7 36. Bd3 1/2-1/2

[Event "Konakovo sf op"]
[Site "Konakovo"]
[Date "2011.12.22"]
[Round "4"]
[White "Blinov, Sergey"]
[Black "Kozlov, Aleksandr"]
[Result "1/2-1/2"]
[WhiteElo "1962"]
[BlackElo "2135"]
[PlyCount "43"]
[EventDate "2011.12.19"]
[EventType "swiss"]
[EventRounds "7"]
[EventCountry "RUS"]
[SourceTitle "EXT 2022"]
[Source "ChessBase"]
[SourceDate "2021.10.06"]
[SourceVersion "1"]
[SourceVersionDate "2021.10.06"]
[SourceQuality "1"]

1. Nf3 d5 2. e3 c5 3. b3 Nc6 4. Bb5 Bd7 5. 0-0 Nf6 6. Bb2 e6 7. c4 Be7 8. Bxc6 Bxc6 9. Ne5 Rc8 10. Nxc6 Rxc6 11. cxd5 Qxd5 12. Nc3 Qd3 13. Ne2 0-0 14. Nf4 Qf5 15. d4 Rd8 16. Qd3 Qxd3 17. Nxd3 cxd4 18. Bxd4 a6 19. Rac1 Rdc8 20. Rxc6 Rxc6 21. Rc1 Rxc1+ 22. Nxc1 1/2-1/2

[Event "Konakovo sf op"]
[Site "Konakovo"]
[Date "2011.12.21"]
[Round "3"]
[White "Kozlov, Aleksandr"]
[Black "Kovalev, Aleksandr"]
[Result "1-0"]
[WhiteElo "2135"]
[BlackElo "1952"]
[PlyCount "56"]
[EventDate "2011.12.19"]
[EventType "swiss"]
[EventRounds "7"]
[EventCountry "RUS"]
[SourceTitle "EXT 2022"]
[Source "ChessBase"]
[SourceDate "2021.10.06"]
[SourceVersion "1"]
[SourceVersionDate "2021.10.06"]
[SourceQuality "1"]

1. d4 d5 2. Nf3 c5 3. c4 e6 4. Nc3 Nf6 5. cxd5 Nxd5 6. e4 Nxc3 7. bxc3 cxd4 8. cxd4 Bb4+ 9. Bd2 Bxd2+ 10. Qxd2 0-0 11. Bc4 Nd7 12. 0-0 Nb6 13. Bb3 Bd7 14. Rfd1 Qe7 15. Rac1 Ba4 16. Rc5 Rfd8 17. Rdc1 Bxb3 18. axb3 Rac8 19. Qa5 Qd6 20. g3 Qb8 21. Rxc8 Rxc8 22. Rxc8+ Qxc8 23. Qxa7 Qc7 24. Qa5 h6 25. Kg2 Kh7 26. Ne5 Qd6 27. Qc5 Qxc5 28. dxc5 f6 1-0

[Event "Konakovo Rating 6"]
[Site "Konakovo"]
[Date "2011.05.12"]
[Round "10"]
[White "Blinov, Sergey"]
[Black "Kozlov, Aleksandr"]
[Result "0-1"]
[WhiteElo "1963"]
[BlackElo "2122"]
[PlyCount "43"]
[EventDate "2011.05.03"]
[EventType "tourn"]
[EventRounds "13"]
[EventCountry "RUS"]
[SourceTitle "EXT 2023"]
[Source "ChessBase"]
[SourceDate "2022.10.05"]
[SourceVersion "1"]
[SourceVersionDate "2022.10.05"]
[SourceQuality "1"]

1. f4 d5 2. Nf3 g6 3. e3 Bg7 4. Bd3 Nf6 5. Nc3 c5 6. 0-0 0-0 7. b3 Nc6 8. Bb2 Nb4 9. Be2 Bf5 10. Ne1 d4 11. Na4 b6 12. a3 Nc6 13. g4 Bd7 14. Bf3 Rc8 15. g5 Ne8 16. c3 e5 17. b4 exf4 18. exf4 c4 19. Bxc6 Bxc6 20. cxd4 Bxd4+ 21. Bxd4 Qd5 22. Rf2 0-1

[Event "Konakovo Chervonny op"]
[Site "Konakovo"]
[Date "2010.09.25"]
[Round "4"]
[White "Stoletov, Gennadi"]
[Black "Kozlov, Aleksandr"]
[Result "1-0"]
[WhiteElo "2288"]
[BlackElo "2114"]
[PlyCount "111"]
[EventDate "2010.09.23"]
[EventType "swiss"]
[EventRounds "7"]
[EventCountry "RUS"]
[SourceTitle "EXT 2022"]
[Source "ChessBase"]
[SourceDate "2021.10.06"]
[SourceVersion "1"]
[SourceVersionDate "2021.10.06"]
[SourceQuality "1"]

1. e4 c5 2. Ne2 a6 3. Nbc3 Nc6 4. d4 cxd4 5. Nxd4 e6 6. Nxc6 bxc6 7. Bd3 d5 8. 0-0 g6 9. Qe2 Bg7 10. Rd1 Ne7 11. Bg5 Qc7 12. Qd2 0-0 13. Bh6 Rb8 14. Bxg7 Kxg7 15. Rab1 e5 16. Qe2 d4 17. Na4 a5 18. b3 c5 19. Rbc1 Bd7 20. Nb2 Nc6 21. a3 Na7 22. Rf1 Nb5 23. a4 Nc3 24. Qd2 Be6 25. Rce1 f6 26. f4 Rfe8 27. fxe5 Qxe5 28. Nd1 Nxd1 29. Rxd1 Ra8 30. Rde1 Rec8 31. Qe2 Rc7 32. Rf2 Rac8 33. Bc4 Re7 34. Ref1 Rf8 35. Bd3 Bd7 36. Qd2 Qc7 37. Rf4 Re5 38. Qf2 Qd6 39. Qg3 Rg5 40. Qh4 Rh5 41. Qg3 Rg5 42. Qf3 Re5 43. Qf2 Rh5 44. Be2 Re5 45. Bd3 Bc6 46. Rh4 Rg5 47. Rf4 Re5 48. Qd2 g5 49. Rf5 Rxf5 50. Rxf5 Qe6 51. e5 h6 52. Qxa5 fxe5 53. Qc7+ Bd7 54. Qxe5+ Qxe5 55. Rxe5 Rc8 56. Re7+ 1-0

[Event "Konakovo"]
[Site "Konakovo"]
[Date "2010.03.22"]
[Round "8"]
[White "Milutin, Lev"]
[Black "Kozlov, Aleksandr"]
[Result "1/2-1/2"]
[WhiteElo "2048"]
[BlackElo "2148"]
[PlyCount "105"]
[EventDate "2010.03.19"]
[EventType "tourn"]
[EventRounds "13"]
[EventCountry "RUS"]
[SourceTitle "EXT 2012"]
[Source "ChessBase"]
[SourceDate "2011.11.24"]
[SourceVersion "1"]
[SourceVersionDate "2011.11.24"]
[SourceQuality "1"]

1. d4 Nf6 2. c4 c5 3. e3 g6 4. Nc3 Bg7 5. Nf3 0-0 6. Be2 Na6 7. 0-0 d6 8. d5 Bf5 9. Nh4 Bd7 10. e4 Nc7 11. Nf3 a6 12. a4 b5 13. axb5 axb5 14. Rxa8 Qxa8 15. cxb5 Rb8 16. e5 Nfe8 17. Bg5 f6 18. exf6 Nxf6 19. Bc4 Nxb5 20. Re1 Nxc3 21. bxc3 Re8 22. Qd2 Qa4 23. Qa2 Qxa2 24. Bxa2 h6 25. Bd2 Kf7 26. h3 Rb8 27. c4 Bf5 28. Bc3 g5 29. g4 Bd3 30. Nd2 Ne8 31. Bxg7 Nxg7 32. Bb1 Bxb1 33. Rxb1 Rxb1+ 34. Nxb1 Kf6 35. Na3 Ke5 36. Nc2 Ke4 37. Kg2 e6 38. Ne3 exd5 39. Nxd5 Ne6 40. Kg3 Kd4 41. Ne3 Nf4 42. h4 d5 43. cxd5 Nxd5 44. Nf5+ Ke5 45. h5 c4 46. Kf3 c3 47. Ke2 Nf4+ 48. Ke3 c2 49. Kd2 Nxh5 50. Nxh6 Nf6 51. Kxc2 Kf4 52. Kd2 Nxg4 53. Nf7 1/2-1/2

[Event "Konakovo"]
[Site "Konakovo"]
[Date "2010.03.20"]
[Round "3"]
[White "Kozlov, Aleksandr"]
[Black "Kovalev, Aleksandr"]
[Result "1-0"]
[WhiteElo "2148"]
[BlackElo "2034"]
[PlyCount "101"]
[EventDate "2010.03.19"]
[EventType "tourn"]
[EventRounds "13"]
[EventCountry "RUS"]
[SourceTitle "EXT 2012"]
[Source "ChessBase"]
[SourceDate "2011.11.24"]
[SourceVersion "1"]
[SourceVersionDate "2011.11.24"]
[SourceQuality "1"]

1. d4 d5 2. c4 c5 3. cxd5 Qxd5 4. Nc3 Qxd4 5. Qxd4 cxd4 6. Nb5 Na6 7. Nf3 Bd7 8. Nbxd4 f6 9. e3 Nc7 10. Bd2 e5 11. Rc1 Bd6 12. Nb3 b6 13. Bc4 Ne7 14. 0-0 Be6 15. Rfd1 Rd8 16. e4 Bxc4 17. Rxc4 Ne6 18. Re1 Kf7 19. Be3 Rc8 20. Rec1 Rxc4 21. Rxc4 Rc8 22. Nfd2 Rxc4 23. Nxc4 Bc7 24. a4 Nc6 25. Kf1 g6 26. f3 f5 27. Ke2 Kf6 28. Kd3 Nf4+ 29. Bxf4 exf4 30. exf5 Kxf5 31. Nd4+ Nxd4 32. Kxd4 g5 33. Kd5 Bd8 34. h3 Be7 35. b3 Bc5 36. Ne5 h5 37. Nc6 a6 38. Nb8 a5 39. Nd7 Be3 40. Ne5 Bd2 41. Nc4 Be3 42. Kc6 g4 43. hxg4+ hxg4 44. Nxb6 gxf3 45. gxf3 Ke5 46. Nc4+ Kd4 47. Nxa5 Bf2 48. Nc4 Kc3 49. a5 Kxb3 50. Nb6 Kb4 51. a6 1-0

[Event "Konakovo"]
[Site "Konakovo"]
[Date "2010.03.19"]
[Round "1"]
[White "Kozlov, Aleksandr"]
[Black "Nazarov, Valerij"]
[Result "1/2-1/2"]
[WhiteElo "2148"]
[BlackElo "2226"]
[PlyCount "30"]
[EventDate "2010.03.19"]
[EventType "tourn"]
[EventRounds "13"]
[EventCountry "RUS"]
[SourceTitle "EXT 2012"]
[Source "ChessBase"]
[SourceDate "2011.11.24"]
[SourceVersion "1"]
[SourceVersionDate "2011.11.24"]
[SourceQuality "1"]

1. d4 d5 2. e3 Nf6 3. Bd3 e6 4. Nf3 Be7 5. c3 Nbd7 6. Nbd2 c5 7. 0-0 0-0 8. Ne5 cxd4 9. exd4 a6 10. Ndf3 Nb6 11. Bg5 Bd7 12. Qe2 Rc8 13. Rfe1 h6 14. Bh4 Rc7 15. Bg3 Rc8 1/2-1/2

[Event "Konakovo Rating"]
[Site "Konakovo"]
[Date "2009.02.12"]
[Round "10"]
[White "Konovalov, Roman"]
[Black "Kozlov, Aleksandr"]
[Result "1/2-1/2"]
[WhiteElo "2160"]
[BlackElo "2148"]
[PlyCount "107"]
[EventDate "2009.02.02"]
[EventType "tourn"]
[EventRounds "12"]
[EventCountry "RUS"]
[SourceTitle "EXT 2022"]
[Source "ChessBase"]
[SourceDate "2021.10.06"]
[SourceVersion "1"]
[SourceVersionDate "2021.10.06"]
[SourceQuality "1"]

1. e4 e5 2. Nf3 Nc6 3. Bc4 Be7 4. 0-0 d6 5. h3 Nf6 6. Re1 0-0 7. Nc3 h6 8. d4 Re8 9. Be3 Bf8 10. d5 Nb8 11. Nh2 Nbd7 12. f3 Kh7 13. Qd2 Ng8 14. g4 Be7 15. Qg2 Bg5 16. Nf1 Nf8 17. Bd3 Ng6 18. Ne2 Qf6 19. Bxg5 hxg5 20. Nh2 Bd7 21. Rac1 N8e7 22. Qf2 Nf4 23. Nxf4 Qxf4 24. Nf1 Ng6 25. Ng3 Qf6 26. c4 Nf4 27. Bf1 b6 28. Rc3 a5 29. Ne2 g6 30. Nxf4 Qxf4 31. Qe3 Kg7 32. Qxf4 exf4 33. Kf2 Re5 34. Rc2 Rae8 35. Rce2 f5 36. exf5 Rxe2+ 37. Rxe2 Rxe2+ 38. Kxe2 gxf5 39. Kd3 Kf6 40. Kd4 fxg4 41. hxg4 Ba4 42. b3 c5+ 43. Kc3 Bd7 44. a4 Ke5 45. Kd3 Be8 46. Be2 Bg6+ 47. Kc3 Bb1 48. Bd1 Bg6 49. Be2 Bf7 50. Bd3 Be8 51. Be4 Bd7 52. Kd3 Bc8 53. Bh7 Bd7 54. Be4 1/2-1/2

[Event "Konakovo Rating"]
[Site "Konakovo"]
[Date "2009.02.10"]
[Round "8"]
[White "Dzera, Evgeniy"]
[Black "Kozlov, Aleksandr"]
[Result "1/2-1/2"]
[WhiteElo "2120"]
[BlackElo "2148"]
[PlyCount "72"]
[EventDate "2009.02.02"]
[EventType "tourn"]
[EventRounds "12"]
[EventCountry "RUS"]
[SourceTitle "EXT 2022"]
[Source "ChessBase"]
[SourceDate "2021.10.06"]
[SourceVersion "1"]
[SourceVersionDate "2021.10.06"]
[SourceQuality "1"]

1. e4 e5 2. Nf3 Nf6 3. Nc3 Nc6 4. d4 exd4 5. Nxd4 Bb4 6. Nxc6 bxc6 7. Bd2 Qe7 8. Qe2 d6 9. f3 0-0 10. 0-0-0 Be6 11. g4 a5 12. g5 Nd7 13. f4 Rfe8 14. f5 Bxf5 15. exf5 Bxc3 16. Bxc3 Qxe2 17. Bxe2 Rxe2 18. h4 Rf2 19. Rdf1 Rxf1+ 20. Rxf1 f6 21. Rf4 a4 22. a3 Kf7 23. Re4 c5 24. Bd2 Ne5 25. Bf4 d5 26. Re3 Re8 27. Rc3 c4 28. Re3 c6 29. Rg3 Nd7 30. Bd6 Re4 31. Rh3 d4 32. Kd2 Rg4 33. Rh2 Rg1 34. Re2 Ne5 35. Bxe5 fxe5 36. Rxe5 Rg2+ 1/2-1/2

[Event "Konakovo Rating"]
[Site "Konakovo"]
[Date "2009.02.02"]
[Round "1"]
[White "Lukash, Nikolay"]
[Black "Kozlov, Aleksandr"]
[Result "0-1"]
[WhiteElo "2086"]
[BlackElo "2148"]
[PlyCount "77"]
[EventDate "2009.02.02"]
[EventType "tourn"]
[EventRounds "12"]
[EventCountry "RUS"]
[SourceTitle "EXT 2022"]
[Source "ChessBase"]
[SourceDate "2021.10.06"]
[SourceVersion "1"]
[SourceVersionDate "2021.10.06"]
[SourceQuality "1"]

1. e4 c5 2. Nf3 a6 3. a4 Nc6 4. Bc4 e6 5. Nc3 Nge7 6. Qe2 Nd4 7. Nxd4 cxd4 8. Nd1 d5 9. exd5 Nxd5 10. Qe5 Nf6 11. b3 Qd6 12. Qe2 Bd7 13. 0-0 Qc7 14. Bb2 Bc5 15. Kh1 0-0 16. f3 Rad8 17. Nf2 Bc6 18. Ne4 Nxe4 19. fxe4 Qe5 20. Bd3 Bd6 21. g3 f5 22. Rae1 fxe4 23. Rxf8+ Rxf8 24. Bxe4 Bxe4+ 25. Kg1 Qf6 26. Qxe4 Qf2+ 27. Kh1 Bxg3 28. hxg3 Rf6 29. Qxe6+ Rxe6 30. Rxe6 Qf1+ 31. Kh2 Qf2+ 32. Kh1 Qf1+ 33. Kh2 Qf2+ 34. Kh1 Qxd2 35. Rd6 Qxc2 36. Bxd4 Qxb3 37. a5 Qxg3 38. Rd8+ Kf7 39. Bb6 0-1